LEADER 00761nam0-22003011i-450- 001 990003255460403321 005 20001010 010 $a88-221-1011-0 035 $a000325546 035 $aFED01000325546 035 $a(Aleph)000325546FED01 035 $a000325546 100 $a20000920d1991----km-y0itay50------ba 101 0 $aita 105 $ay-------001yy 200 1 $aCrescita zero 210 $aFirenze$cLa Nuova Italia$d1991 215 $app. 247 610 0 $aGeografia della Popolazione 676 $a040.007 700 1$aPalomba,$bRossella$088839 801 0$aIT$bUNINA$gRICA$2UNIMARC 901 $aBK 912 $a990003255460403321 952 $a040.007.PAL$b1235$fDECGE 959 $aDECGE 996 $aCrescita zero$9449887 997 $aUNINA LEADER 01586nas 2200517- 450 001 9910487552403321 005 20241221111339.0 011 $a2663-3981 035 $a(OCoLC)60628366 035 $a(CKB)110978977737651 035 $a(CONSER)--2021220546 035 $a(MiFhGG)0KIJ 035 $a(DE-599)ZDB2439384-8 035 $a(MiAaPQ)35026 035 $a(EXLCZ)99110978977737651 100 $a20050614a19529999 s-- - 101 0 $aspa 135 $aurun||||||||| 181 $ctxt$2rdacontent 182 $cc$2rdamedia 183 $acr$2rdacarrier 200 00$aRevista cartográfica 210 1$aBuenos Aires :$cInstituto Panamericano de Geografía e Historia 215 $a1 online resource $cillustrations, maps, diagrams 300 $aRefereed/Peer-reviewed 311 08$a0080-2085 531 1 $aRev. cartogr. 606 $aCartography$vPeriodicals 606 $aCartography$2fast$3(OCoLC)fst00848025 606 $aCARTOGRAFIA$xPUBLICACIONES PERIODICAS$2renib 606 $aCARTOGRAPHY$2unbist 606 $aMEXICO$2unbist 608 $aPeriodicals.$2fast 608 $aPeriodicals.$2lcgft 615 0$aCartography 615 7$aCartography. 615 7$aCARTOGRAFIA$xPUBLICACIONES PERIODICAS. 615 7$aCARTOGRAPHY. 615 7$aMEXICO. 676 $a[E] 712 02$aPan American Institute of Geography and History.$bCommission on Cartography, 712 02$aPan American Institute of Geography and History. 906 $aJOURNAL 912 $a9910487552403321 996 $aRevista cartográfica$92424331 997 $aUNINA